Quizzes
Events
Quiz Creation
Community
Videos
Private Events
Remove Ads
Sign In
Join for FREE
Feedback
Dark Mode
Quiz Categories
Sports
Geography
Music
Movies
Television
Just For Fun
Miscellaneous
History
Literature
Language
Science
Gaming
Entertainment
Religion
Holiday
For Kids
Quiz Lab
Recent
Popular Today
Quiz Kudos Today
Editor Picks
Curator Picks
Quizzes by...
Day
Popularity
Type
Ratings
Length
Year
Community
Subscriptions
Recent Discussions
Orange Saloon
Badges
Playlists
Quests
Create
Leaderboards
Showdown
Live 5
Trivia Bingo
Activity
Puzzle Library
Sporcle Events
Private Events
Virtual Trivia
Globe League
Become a Host
Pub Owners
SporcleCon
Opinionation
Our Games
Videos
Blog
Mobile Apps
Partnerships
Remove Ads and Go Orange
Feedback
Television
TV Characters
TV Show
Sitcom
Network
Friends
Reality Shows
Cast
South Park
Star Trek
The Simpsons
Doctor Who
Television
TV Characters
TV Show
Sitcom
Network
Friends
Reality Shows
Cast
South Park
Star Trek
The Simpsons
Doctor Who
Random Quiz
Search Sporcle
×
Quiz Lab
Quiz Lab
Television
Show
Type in answers that appear in a list
Type in answers that appear in a list
Classic
Best Score? Go Orange.
Name That Show Stats
Can you name the show from the clues given?
By
LiamPP
10m
50 Questions
17 Plays
17 Plays
17 Plays
Comments
Comments
Give Quiz Kudos
Give Quiz Kudos
-
- Ratings
hide this ad
Replay
Link that replays current quiz
Next Quiz
Link to next quiz in quiz playlist
You Got
0%
They Got
Avg Score
47%
Avg Friend Score
Upgrade to see
Score Distribution
Jump to the score distribution portion of the page
Score
0/50
Timer
10:00
0
Plays Today
Hint
Answer
% Correct
Mary Tyler Moore, 1970-
1977
Mary Tyler Moore Show
94.1%
John Goodman, 1988-
1997
Roseanne
88.2%
Kaley Cuoco, 2007-
Present
Big Bang Theory
88.2%
Ray Romano, 1996-
2005
Everybody Loves Raymond
82.4%
Kiefer Sutherland, 2001-
2010
24
82.4%
Ted Danson, 1982-
1993
Cheers
82.4%
David Schwimmer, 1994-
2004
Friends
82.4%
Dick Van Dyke, 1961-
1966
Dick Van Dyke Show
76.5%
Mila Kunis, 1997-
2006
That 70's Show
76.5%
Julia Louis Dreyfus, 1989-
1998
Seinfeld
70.6%
Alan Alda, 1972-
1983
MASH
70.6%
Jason Bateman, 2003-
Present
Arrested Development
70.6%
Kyle McLachlan, 1990-
1991
Twin Peaks
64.7%
Emilia Clarke, 2011-
Present
Game of Thrones
64.7%
Mindy Kaling, 2012-
Present
The Mindy Project
64.7%
Danny DeVito, 1978-
1983
Taxi
64.7%
George Takei, 1966-
1969
Star Trek
64.7%
Julie Kavner, 1989-
Present
The Simpsons
58.8%
Aaron Paul, 2008-
2013
Breaking Bad
58.8%
Julie Bowen, 2009-
Present
Modern Family
58.8%
Candice Bergen, 1988-
1998
Murphy Brown
52.9%
Trey Parker, 1997-
Present
South Park
52.9%
Bea Arthur, 1985-
1992
The Golden Girls
52.9%
January Jones, 2007-
2015
Mad Men
52.9%
Chandler Riggs, 2010-
Present
The Walking Dead
47.1%
Hint
Answer
% Correct
William Shatner, 2005-
2008
Boston Legal
47.1%
Toni Collette, 2009-
2011
United States of Tara
47.1%
Claire Danes, 1994-
1995
My So Called Life
47.1%
Courteney Cox, 2009-
2015
Cougar Town
47.1%
Patricia Heaton, 2009-
Present
The Middle
41.2%
Dennis Haysbert, 2006-
2009
The Unit
41.2%
Helen Hunt, 1992-
1999
Mad About You
41.2%
Mandy Patinkin, 2011-
Present
Homeland
41.2%
Jennifer Saunders, 1992-
2012
Absolutely Fabulous
29.4%
Valerie Harper, 1974-
1978
Rhoda
29.4%
Michael Douglas, 1972-
1977
The Streets of San Francisco
23.5%
Stockard Channing, 1999-
2006
The West Wing
23.5%
Cloris Leachman, 1975-
1977
Phyllis
23.5%
John Krasinski, 2005-
2013
The Office US
23.5%
Helen Mirren, 1991-
2006
Prime Suspect
17.6%
David Jason, 1981-
2003
Only Fools and Horses
17.6%
Robbie Amell, 2012-
Present
Arrow
17.6%
Ellen Corby, 1971-
1981
The Waltons
17.6%
Kathy Bates, 2011-
Present
American Horror Story
17.6%
Seth Gilliam, 2002-
2008
The Wire
11.8%
Marg Helgenberer, 2000-
2015
CSI: Crime Scene Investigation
11.8%
Derek Jacobi, 1976
I, Claudius
5.9%
Matthew Perry, 2006-
2007
Studio 60 On The Sunset Strip
5.9%
Julia Roberts, 2014
The Normal Heart
5.9%
John Travolta, 2016
The People vs OJ Simpson: American Crime Story
0%
Quiz Playlist
Details
Report
Send in Message
Add To Playlist
Classic:
Type in answers that appear in a list
Last Updated: Feb 20, 2017
Quiz Scoreboard
CHALLENGE
Sign Up to Join the Scoreboard
Show All
Scores
Hide
Comments
May contain spoilers
Recently Published
Billboard Blitz: Fleetwood Mac
by CooCooCachoo
Music
15s
Presidents Visiting Landmarks
by Hejman
History
7m
An Introduction to Baseball
by treessimontrees
Sports
5m
More to Explore
Quiz From the Vault
Featured Blog Post
Where Did the Easter Bunny Come From?
hide this ad
You Might Also Like...
Tags
Show Quiz
Today's Top Quizzes in Television
Browse Television
hide this ad
Today's Top Quizzes in Show
Browse Show
Top Contributed Quizzes in Television
1
5-to-1: The Simpsons Families
2
5-to-1: Television Doctors
3
7-to-1: TV Show Settings
4
One Piece Logic Puzzle
5
5-to-1: Streaming Originals
6
Survivor Seasons
7
Survivor Logic Puzzle: Heroes vs. Villains
8
TV Shows by First Names
9
Survivor Season by Logo
10
One Thing in Common: Television
Explore More
Trending Topics
Harry Potter
Disney
Crossword
Anime
Kpop
Marvel
NBA
WWE
Pokémon
Country
Soccer
The Office
Song
NFL
Puzzle
hide this ad
More By:
LiamPP
Quiz
Plays
Rating
Category
Featured
Created
Best British Actors and Actresses
475
3.50
Movies
Jan 2, 2017
The Ultimate Oscars Quiz
163
4.33
Movies
Jan 2, 2017
British Academy Award Winners and Nominees
112
4.00
Movies
Dec 15, 2017
Best of British Music
91
5.00
Music
Mar 28, 2021
Guess The Sitcom
82
5.00
Television
Feb 1, 2017
Go to Creator's Profile
Score Distribution
Quiz Creator Spotlight
LiamPP
Follow
Send a Message
Quizzes Created
-
Created Quiz Play Count
-
More By This Creator
Popular Quizzes Today
1
Find the US States - No Outlines Minefield
2
Find the Countries of Europe - No Outlines Minefield
3
The Countries of the World
4
Find the US States
5
US States
6
Popular People in 1961
7
Risky Map Clicking: Biggest States A-Z
8
Movies - When Are They Set?
More Television Quizzes
100 Shows, 100 Halloween Episodes
Editor's Pick
Trending Quizzes
Risky Map Clicking: Least Populous States A-Z
1-10 Letter G Words
1-10 Letter F Words
Risky Map Clicking: Next State Alphabetically
Risky Map Clicking: Biggest States A-Z
Recently Updated
Leaping Animals
pecheneg
Reality TV Shows (A-Z)
bhenderson79
Rickey Henderson's Hall of Fame Teammates
pecheneg
Champions League XIs: Arsenal
pecheneg
Quick Pick: Celebrities in WWE's Hall of Fame
aduchscher
A-Z Keypad Blitz II
pecheneg
Multiple Oscar Actors
pecheneg
Mystery Phrase Blitz: Oscar 'Best Actors'
pecheneg
F. Scott Fitzgerald Novels
LTH
Pick 3 Villains
ddd62291
Trending Topics
Kpop
Marvel
NBA
Crossword
Harry Potter
Anime
Disney
Song
Country
Soccer
Puzzle
WWE
The Office
NFL
Pokémon
Your Account Isn't Verified!
In order to create a playlist on Sporcle, you need to verify the email address you used during registration. Go to your
Sporcle Settings
to finish the process.
Report this User
Report this user for behavior that violates our
Community Guidelines
.
Details:
Send Report
Go to the Sporcle.com Mobile Site →
Comments